000 00647nam a22002057a 4500
005 20130508112519.0
010 _aENG-106995
020 _a9788170006282
_c650.00
035 _aEN-90528
037 _bDBAD/PUB
082 _a020
100 _aDevarajan, G.
245 _aInformation access,tools,services and systems /
_cby G. Devarajan [and] Joseph Kurien Pulikuthiel
260 _aNew Delhi
_bESS ESS Publications
_c2011
270 _a4837/24, Ansari Road, Darya Ganj
_bNew Delhi
_e110002
300 _ax,236p.
_c23cm(Hb)
500 _aIncludes index
700 _aPulikuthiel, Joseph Kurien
942 _2ddc
_cEN
_h020
_mDEV
999 _c75147
_d75147